Critical commentary on administrative tribunals act 1985 and law of public services : (Record no. 122998)
[ view plain ]
| 000 -LEADER | |
|---|---|
| fixed length control field | 00832nam a22002417a 4500 |
| 005 - DATE AND TIME OF LATEST TRANSACTION | |
| control field | 20170124105919.0 |
| 010 ## - LIBRARY OF CONGRESS CONTROL NUMBER | |
| LC control number | A-291678 |
| 020 ## - INTERNATIONAL STANDARD BOOK NUMBER | |
| Terms of availability | 125.00 |
| 035 ## - SYSTEM CONTROL NUMBER | |
| System control number | A-291678 |
| 037 ## - SOURCE OF ACQUISITION | |
| Source of stock number/acquisition | Cen Lib/Ret |
| 040 ## - CATALOGING SOURCE | |
| Original cataloging agency | DPL |
| Language of cataloging | EN |
| 082 ## - DEWEY DECIMAL CLASSIFICATION NUMBER | |
| Classification number | 351.5 |
| 100 ## - MAIN ENTRY--PERSONAL NAME | |
| Personal name | Subbarao, Venkata |
| 9 (RLIN) | 3570 |
| 245 ## - TITLE STATEMENT | |
| Title | Critical commentary on administrative tribunals act 1985 and law of public services : |
| Statement of responsibility, etc | by Venkata Subbarao |
| Remainder of title | an exhaustive manual of public services law from pre-recruitment stage to post-retirement stage in the light of up to date case law |
| 250 ## - EDITION STATEMENT | |
| Edition statement | 2nd ed |
| 260 ## - PUBLICATION, DISTRIBUTION, ETC. (IMPRINT) | |
| Place of publication, distribution, etc | Hyderabad |
| Name of publisher, distributor, etc | Law Academy |
| Date of publication, distribution, etc | 1986 |
| 270 ## - ADDRESS | |
| Address | 1-9-332, Vidyanagar |
| City | Hyderabad |
| 300 ## - PHYSICAL DESCRIPTION | |
| Extent | 342p. |
| Dimensions | 24cm(Hb) |
| 500 ## - GENERAL NOTE | |
| General note | Includes index |
| 650 ## - SUBJECT ADDED ENTRY--TOPICAL TERM | |
| Topical term or geographic name as entry element | Law |
| 9 (RLIN) | 104 |
| 650 ## - SUBJECT ADDED ENTRY--TOPICAL TERM | |
| Topical term or geographic name as entry element | Public services-law |
| 9 (RLIN) | 3571 |
| 942 ## - ADDED ENTRY ELEMENTS (KOHA) | |
| Source of classification or shelving scheme | Dewey Decimal Classification |
| Koha item type | English Books |
| Classification part | 351.5 |
| Call number suffix | SUB |
| Withdrawn status | Lost status | Damaged status | Not for loan | Home library | Current library | Date acquired | Source of acquisition | Cost, normal purchase price | Total Checkouts | Full call number | Barcode | Date last seen | Copy number | Cost, replacement price | Price effective from | Koha item type |
|---|---|---|---|---|---|---|---|---|---|---|---|---|---|---|---|---|
| Central Library | Central Library | 01/06/2015 | Cen Lib/Ret | 125.00 | 351.5 SUB | A-291678 | 01/06/2015 | 1 | 125.00 | 01/06/2015 | English Books |
